000
00317nam a22001337a 4500
008
171023b xxu||||| |||| 00| 0 eng d
020
_a
9780130205452
041
_a
eng
080
_a
311
100
_a
55
101
_a
STA
245
_a
STATISTICS, DATA ANALYSIS, AND DECISION MODELING
_c
EVANS,J,R
942
_2
udc
_c
BK
999
_c
35531
_d
35531